000 02522cam a2200529Ia 4500
001 sjds1134776
003 sjds
005 20240503210029.0
008 100407s2010 maua j 000 1 eng d
020 _a9780547299631 (pbk.)
020 _a054729963X (pbk.)
035 _a422813
035 _a(OCoLC)441152252
035 _a422813
040 _aBTCTA
_cBTCTA
_dIFA
_dUtOrBLW
041 1 _aeng
_aspa
_heng
049 _aIFAA
099 _f2010
100 1 _aRey, H. A.
_q(Hans Augusto),
_d1898-1977,
_eauthor.
245 1 0 _aJorge el curioso visita el acuario /
_cescritopor R.P. Anderson ; ilustrado en el estilo de H.A. Rey por Anna Grossnickle Hines ; traducido por Carlos E. Calvo = Margret & H.A. Rey's Curious George at the aquarium / by R.P. Anderson ; illustrated in the style of H.A. Rey by Anna Grossnickle Hines ; translated by Carlos E. Calvo
246 1 8 _aCurious George at the aquarium =
_bJorge el curioso visita el acuario
246 3 _aMargret and H.A. Rey's Curious George at the aquarium
246 3 _aMargret & H.A. Rey's Curious George at the aquarium
260 _aBoston :
_bHoughton Mifflin Harcourt,
_c2010.
264 1 _aBoston :
_bHoughton Mifflin Harcourt,
_c2010.
300 _a24 pages :
_bcolor illustrations ;
_c22 cm
336 _atext
_btxt
_2rdacontent
337 _aunmediated
_bn
_2rdamedia
338 _avolume
_bnc
_2rdacarrier
520 _aWhen George and the man in the yellow hat visit the aquarium, George's curiosity gets the better of him and he accidentally joins some of the exhibits.
526 0 _aAccelerated Reader
_bLG
_c3.0
_d0.5
_z117086
650 0 _aMonkeys
_vJuvenile fiction.
650 0 _aPublic aquariums
_vJuvenile fiction.
650 0 _aMarine animals
_vJuvenile fiction.
650 0 _aSpanish language materials
_xBilingual
_vJuvenile literature.
650 7 _aMonos
_vNovela juvenil.
_2bidex
650 7 _aAcuarios públicos
_vNovela juvenil.
_2bidex
650 7 _aAnimales marinos
_vNovela juvenil.
_2bidex
650 7 _aMateriales bilingües en español
_vLiteratura juvenil.
_2bidex
700 1 2 _aRey, H. A.
_q(Hans Augusto),
_d1898-1977.
_tMargret & H.A. Rey's Curious George at the aquarium.
_lSpanish.
700 1 2 _aRey, H. A.
_q(Hans Augusto),
_d1898-1977.
_tMargret & H.A. Rey's Curious George at the aquarium.
_lEnglish.
700 1 _aRey, H. A.
_q(Hans Augusto),
_d1898-1977.
700 1 _aHines, Anna Grossnickle,
_eillustrator.
700 1 _aCalvo, Carlos E.
700 1 _aAnderson, R. P.
_q(Robert Pierce),
_d1969-
942 _cBK
_2ddc
999 _c21587
_d21587